| 000 | 00882cam a2200145ua 4500 | ||
|---|---|---|---|
| 041 |
_aeng _h |
||
| 082 |
_a631.334 _bIND/TE |
||
| 110 | 1 |
_aIndian standards insttution . _bISI _c() |
|
| 245 |
_aTest code for seed -cum- fertilizer drill,IS:6316 / _cIndian standards institution. _hTextual Documents |
||
| 260 |
_a : _bISI , _c1983. |
||
| 300 | _a26 ; . | ||
| 504 | _a | ||
| 942 | _cBK | ||
| 999 |
_c4171 _d4171 |
||